000 00557nam a2200217Ia 4500
005 20250425162713.0
008 250425s9999 xx 000 0 und d
020 _a9780199684090
041 _aspa
082 _a658.8
100 _aWEST, DOUGLAS
245 0 _aSTRATEGIC MARKETING: CREATING COMPETITIVE ADVANTAGE
250 _a3 ED.
260 _aEstados Unidos
_bOXFOR UNIVERSITY PRESS
_c2015
260 _aNEW YORK
300 _a571
650 _aESTRATEGIAS DE MARKETING
650 _aMARKETING ESTRATEGICO
942 _c01
010 _a98346
999 _c234735
_d234735